000115195 001__ 115195
000115195 005__ 20220606144652.0
000115195 037__ $$aGDOC-2021-29833
000115195 041__ $$aspa
000115195 041__ $$aeng
000115195 100__ $$0(orcid)0000-0001-6977-0589$$1308651$$aPedro Abad, Martín
000115195 24500 $$929833$$aTrabajo fin de Grado
000115195 24200 $$929833$$aUndergraduate Dissertation
000115195 260__ $$aZaragoza$$bUniversidad de Zaragoza$$c2021-2022
000115195 521__ $$9147$$aGraduado en Ingeniería Electrónica y Automática$$bBachelor's Degree in Electronic and Automatic Engineering
000115195 540__ $$aby-nc-sa$$bCreative Commons$$c3.0$$uhttp://creativecommons.org/licenses/by-nc-sa/3.0/
000115195 700__ $$0(orcid)0000-0001-7296-7307$$1402148$$aDavid Ignacio Abadía, Gallego
000115195 700__ $$0(orcid)0000-0003-0775-4641$$1128385$$aRafael Alonso, Esteban
000115195 700__ $$0(orcid)0000-0001-9458-6257$$1460538$$aMaría del Rosario Aragüés, Muñoz
000115195 700__ $$0(orcid)0000-0003-2905-9949$$1405657$$aNatalia Carmen Ayuso, Escuer
000115195 700__ $$0(orcid)0000-0002-8479-1748$$1480280$$aJesús Bermúdez, Cameo
000115195 700__ $$0(orcid)0000-0001-9334-4870$$1332190$$aCarlos Bernal, Ruiz
000115195 700__ $$0(orcid)0000-0002-2567-9529$$1321338$$aJavier Amadeo Blasco, Alberto
000115195 700__ $$0(orcid)0000-0003-2501-4479$$1601794$$aPablo Bosque, Obon
000115195 700__ $$0(orcid)0000-0002-6768-5177$$1723669$$aPablo Briz, Zamorano
000115195 700__ $$0(orcid)0000-0003-3431-5863$$1130332$$aJulio David Buldain, Pérez
000115195 700__ $$0(orcid)0000-0001-5316-8171$$1182457$$aRoberto José Casas, Nebra
000115195 700__ $$0(orcid)0000-0002-1918-9742$$1313860$$aAlberto Ciriano, Sebastián
000115195 700__ $$0(orcid)0000-0003-1368-1151$$1458557$$aJavier Civera, Sancho
000115195 700__ $$0(orcid)0000-0002-4133-7553$$1409841$$aMaría Paz Comech, Moreno
000115195 700__ $$0(orcid)0000-0002-9622-8186$$1130013$$aJoaquín Antonio Ezpeleta, Mateo
000115195 700__ $$0(orcid)0000-0002-5727-5705$$1117925$$aMiguel García, Gracia
000115195 700__ $$0(orcid)0000-0002-8451-0942$$1323268$$aAna María López, Torres
000115195 700__ $$0(orcid)0000-0002-8451-0942$$1323268$$aAna María López, Torres
000115195 700__ $$0(orcid)0000-0001-9347-5969$$1419657$$aGonzalo López, Nicolás
000115195 700__ $$0(orcid)0000-0003-0056-2225$$1534087$$aCristian Florentín Mahulea,  
000115195 700__ $$0(orcid)0000-0002-3643-2847$$1384470$$aBonifacio Martín, del Brío
000115195 700__ $$0(orcid)0000-0002-6741-844X$$1446706$$aRubén Martínez, Cantín
000115195 700__ $$0(orcid)0000-0002-0903-5520$$1139420$$aCarlos Miguel Orrite, Uruñuela
000115195 700__ $$0(orcid)0000-0002-4834-940X$$1520445$$aEstanislao Oyarbide, Usabiaga
000115195 700__ $$0(orcid)0000-0002-1365-9600$$1310524$$aAntonio Pardina, Carrera
000115195 700__ $$0(orcid)0000-0002-3302-7862$$1146141$$aFrancisco José Pérez, Cebolla
000115195 700__ $$0(orcid)0000-0001-5311-750X$$1129695$$aRamón Piedrafita, Moreno
000115195 700__ $$0(orcid)0000-0002-2825-5238$$1313731$$aLuis Porta, Royo
000115195 700__ $$0(orcid)0000-0002-4988-4666$$1306062$$aAntonio Romeo, Tello
000115195 700__ $$0(orcid)0000-0002-3032-954X$$1107357$$aCarlos Sagüés, Blázquiz
000115195 700__ $$0(orcid)0000-0003-4098-8212$$1386781$$aMaría Belén Sánchez-Valverde, García
000115195 700__ $$0(orcid)0000-0001-9376-543X$$1718947$$aJosé Miguel Sanz, Alcaine
000115195 700__ $$0(orcid)0000-0002-4489-9543$$1149459$$aJudith Sarasa, Alonso
000115195 700__ $$0(orcid)0000-0001-8399-4650$$1542086$$aHéctor Sarnago, Andía
000115195 700__ $$0(orcid)0000-0001-6406-7042$$1147752$$aEnrique Teruel, Doñate
000115195 700__ $$0(orcid)0000-0003-3178-5253$$1463271$$aFrancisco José Torcal, Milla
000115195 700__ $$0(orcid)0000-0001-8093-8346$$1385759$$aEnrique Fermín Torres, Moreno
000115195 700__ $$0(orcid)0000-0003-3995-5763$$1324576$$aMiguel Ángel Torres, Portero
000115195 700__ $$0(orcid)0000-0002-7148-4642$$1127654$$aJosé Luis Villarroel, Salcedo
000115195 700__ $$0(orcid)0000-0001-6183-0831$$1324621$$aIgnacio Zabalza, Bribian
000115195 830__ $$9440
000115195 830__ $$9444
000115195 8564_ $$s10368$$uhttps://zaguan.unizar.es/record/115195/files/guia-29833-en.pdf$$yGuide (english)
000115195 8564_ $$s20081$$uhttps://zaguan.unizar.es/record/115195/files/guia-29833-es.pdf$$yGuía (idioma español)
000115195 970__ $$aGDOC-2021-29833
000115195 980__ $$aGDOC$$bEngineering and Architecture$$bIngeniería y Arquitectura$$c326$$c110